000 006770000a22002050004500
090 _aAR
_b00444
245 1 0 _aDaily variation in body mass of free-living rodents and its significance for mass-based population dynamics
650 1 4 _aRoedores
_97408
650 1 4 _aHabitos alimentarios
_93824
650 1 4 _aVida libre
_993413
650 1 4 _aMasa corporal
_993414
650 1 4 _aDinámica poblacional
_9608
653 _gSigmodon
_eSigmodon hispidus
653 _gMicrotus
_eMicrotus ochrogaster
041 0 _aInglés
700 1 _aIskjaer, Charlotte
_993415
100 1 _aSlade, Norman A.
_993337
942 _cARTICULO
773 1 _tJournal of Mammalogy
_3106
_h3
_q357-363
_d1990
_g71
999 _c9540
_d9540